00437nam a2200145Ia 4500008004100000020002200041041000800063082001500071100004400086245005400130250000600184260006100190300001200251650002800263210716s2008 xx 000 0 und d a978-0-07-353006-2 aeng a658.4 MCSS aMcshane, Steven L;Glinow, Mary Ann Von. aOrganizational behavior: essentials.bEssentials. a1 aNew DelhibTata McGraw Hill Publishing Company Ltdc2008 axxi,363 aOrganisational Behavior